[Event "TUR-chT 2nd League"]
[Site "Konya"]
[Date "2018.07.17"]
[Round "2.12"]
[White "Bori, Ekin Sukru"]
[Black "Karaca, Abdulkadir"]
[Result "1-0"]
[WhiteElo "1698"]
[BlackElo "1770"]
[PlyCount "108"]
[EventDate "2018.07.16"]
[EventType "team-swiss"]
[EventRounds "9"]
[EventCountry "TUR"]
[SourceTitle "EXT 2019"]
[Source "ChessBase"]
[SourceDate "2018.10.10"]
[SourceVersion "1"]
[SourceVersionDate "2018.10.10"]
[SourceQuality "1"]
[WhiteTeam "Eskiseh Tasci"]
[BlackTeam "Konya Erkin"]
[WhiteTeamCountry "TUR"]
[BlackTeamCountry "TUR"]

1. d4 Nf6 2. c4 e6 3. Nc3 Bb4 4. g3 c5 5. Nf3 cxd4 6. Nxd4 a6 7. Bd2 Nc6 8. Nxc6 bxc6 9. Bg2 0-0 10. 0-0 d5 11. a3 Be7 12. Qc2 Bb7 13. Rfd1 Qc8 14. Na4 Nd7 15. e3 dxc4 16. Qxc4 c5 17. Bxb7 Qxb7 18. Bc3 Rfd8 19. Rac1 Qb5 20. Qxb5 axb5 21. Rxd7 Rxd7 22. Nb6 Rad8 23. Nxd7 Rxd7 24. Kf1 f6 25. Ke2 Kf7 26. Rc2 g6 27. Ba5 f5 28. b4 c4 29. a4 bxa4 30. Rxc4 a3 31. Rc3 e5 32. Rxa3 Rd5 33. Rb3 Ke6 34. b5 Bd6 35. Bc3 Kd7 36. f3 e4 37. Bd4 Kc8 38. Rb2 exf3+ 39. Kxf3 Kb7 40. Ra2 Bb8 41. b6 h5 42. Rc2 Bd6 43. Rc4 Rb5 44. Ra4 Bb8 45. e4 Rb3+ 46. Be3 fxe4+ 47. Rxe4 Rb2 48. h4 Rb5 49. Re6 Rb3 50. Rxg6 Be5 51. Ke4 Bb2 52. Rg5 Rb4+ 53. Kf3 Rb3 54. Kf2 Bf6 1-0